| 000 | 00592nam a22001577a 4500 | ||
|---|---|---|---|
| 005 | 20251108164930.0 | ||
| 008 | 250721s1977 xx 000 0 ara d | ||
| 082 | 1 | 4 | _a963.5/مؤت |
| 245 | 1 | 0 |
_aأعمال المؤتمر التنظيمي الأول ... : _bالقرارات و التوصيات - الدستور - البرنامج السياسي و العلمي / |
| 264 |
_bجبهة التحرير الشعبية - الإعلام المركزي، _c1977. |
||
| 300 | _a150ص | ||
| 650 | 1 | 7 | _aإريتريا |
| 650 | 1 | 7 | _aالتاريخ السياسي |
| 942 |
_2ddc _cBK |
||
| 999 |
_c17756 _d17756 |
||